000 00441nam a2200157Ia 4500
008 230711s9999||||xx |||||||||||||| ||und||
041 _aENG
082 _a658
_bVA-W
100 _a Gursharan Varandani
245 0 _aWorkers' participation in management : With special reference to 
250 _a1st Ed.
260 _c1989
_aNew Delhi
_bDeep & Deep Publications Ltd.
300 _a228
650 _aUNIVESITY BUSNIESS SCHOOL
942 _cBK
999 _c2010
_d2010